000 00597nam a2200229Ia 4500
003 OSt
005 20220925172720.0
006 a|||||r|||| 00| 0
007 ta
008 220923b |||||||| |||| 00| 0 eng d
037 _cGeneral Book
040 _aRTL
_cRTL
_beng
041 _2eng
_aeng
082 _aX:8, M0
100 _aMhatre R S
_9242256
245 0 _aOrganisation of commerce
260 _aBombay
_bNoble Publishing India
_c1980
300 _a198p.
_ccm.
650 _aManagement
_930681
942 _hX:8, M0
_cGB
_2CC
999 _c485752
_d485752